| 000 | 01644nam a22002537a 4500 | ||
|---|---|---|---|
| 005 | 20240305165500.0 | ||
| 007 | cr|||| |||| | ||
| 008 | 180221s2016 es |||||s|||| 00||0 spa d | ||
| 020 | _a978-84-16608-33-1 | ||
| 035 | _a20979 | ||
| 040 | _avLex | ||
| 090 |
_c7395 _d7395 |
||
| 100 | 1 | _aTaléns Visconti, Eduardo Enrique | |
| 245 | 1 | 2 |
_aEl procedimiento de extinción causal del contrato por voluntad del trabajador _h[Recurso electrónico] : _bpuntos críticos / _cEduardo Enrique Taléns Visconti |
| 256 | _aServicio en línea | ||
| 260 |
_aAlbacete: _bEditorial Bomarzo, _c2016 |
||
| 300 | _a1 recurso electrónico | ||
| 500 | _aEl art. 50 ET posibilita que los trabajadores insten la resolución indemnizada de su contrato por causas imputables al empresario. Los trabajadores no pueden concluir el contrato por esta vía son la intervención del órgano judicial. Esta monogragía plantea algunas de las cuestiones más controvertidas, en relación con este procedimiento especial de extinción del contrato, con cita de los últimos pronunciamientos del TS sobre el particular. | ||
| 506 | 1 |
_aDisponible solo en los productos indicados _dvLex Global _dvLex Global (Academic Edition, excluding Law Schools) _dvLex Global (U.S. Academic Edition, Law Schools) _dvLex Global (U.S. Academic Edition, excluding Law Schools) _dvLex Global (Academic Edition, Law Schools) |
|
| 650 | 0 | 4 |
_aDerecho Laboral y Seguridad Social _zEspaña |
| 740 | 0 | _avLex Libros (Servicio en línea) | |
| 856 | 4 | 0 | _uhttps://app.vlex.com/#/sources/procedimiento-de-extincion-causal-del-contrato-por-voluntad-del-trabajador-puntos-criticos-20979 |
| 942 | _cRAA | ||
| 999 |
_c165634 _d165634 |
||